000 00936nmm a2200265 a 4500
001 ocm000621654
003 TR-IsHL
005 20201028135745.0
008 131209s2011 tu tur
007 cr cn
020 _a9786055506476
035 _a621654
_b(N$T)
050 0 4 _aBP190.5.P37
_bS27 2011
090 0 4 _aBP190.5.P37
_bS27 2011
100 1 _aSarıkaya, H. İbrahim
245 1 0 _aİslam'ın engelliye bakışı
_h[electronic resource] /
_cH. İbrahim Sarıkaya
260 _aİstanbul :
_bBilge Kültür Sanat,
_c2011
300 _a160 p.
650 4 _aFelsefe, Psikoloji ve Din
650 4 _aPhilosophy, Psychology and Religion
650 0 _aEngelliler
_x Dini açıdan
_x İslam
650 0 _aPeople with disabilities
_x Religious aspects
_x Islam
650 7 _aSOCIAL SCIENCE / Islamic Studies
_2bisacsh
856 4 0 _uhttp://search.ebscohost.com/login.aspx?direct=true&scope=site&db=e011xww&AN=621654
999 _c6917
_d6917